Transformación de los procesos psíquicos conscientes en procesos inconscientes (Record no. 23483)

MARC details
000 -LEADER
campo de control de longitud fija 00706nam a2200169 i 4500
001 - NÚMERO DE CONTROL
campo de control 23483
003 - IDENTIFICADOR DE NÚMERO DE CONTROL
campo de control ES-MaACL
005 - FECHA Y HORA DE LA ÚLTIMA TRANSACCIÓN
campo de control 20250823063031.0
007 - CAMPO FIJO DE DESCRIPCIÓN FÍSICA--INFORMACIÓN GENERAL
campo de control de longitud fija t|
008 - DATOS DE LONGITUD FIJA--INFORMACIÓN GENERAL
campo de control de longitud fija 021210s1920 sp ||||1| spa d
100 1# - ENTRADA PRINCIPAL--NOMBRE DE PERSONA
Nombre de persona Álvarez de Linera, Antonio,
Fechas asociadas al nombre 1888-1961
9 (RLIN) 149717
245 10 - MENCIÓN DEL TÍTULO
Título Transformación de los procesos psíquicos conscientes en procesos inconscientes
Resto del título : memoria premiada con accesit por la Real Academia de Ciencias Morales y Políticas en el Concurso ordinario de 1915 /
Mención de responsabilidad, etc. Antonio Alvarez Linera y Grund.
260 ## - PUBLICACIÓN, DISTRIBUCIÓN, ETC.
Lugar de publicación, distribución, etc. Madrid :
Nombre del editor, distribuidor, etc. [s.n.,
Fecha de publicación, distribución, etc. 1920]
710 2# - ENTRADA AGREGADA--NOMBRE DE ENTIDAD CORPORATIVA
Nombre de entidad corporativa o nombre de jurisdicción como elemento de entrada Real Academia de Ciencias Morales y Políticas (España)
9 (RLIN) 222050
852 ## - LOCALIZACIÓN
Ubicación ES-MaACL
Número de control de estantería 1611-F-7
Holdings
Estatus retirado Estado de pérdida Estado de daño No para préstamo Colección Biblioteca de origen Biblioteca actual Ubicación en estantería Fecha de adquisición Fuente de adquisición Total de préstamos Signatura topográfica completa Código de barras Visto por última vez Precio de reemplazo Tipo de ítem Koha
        Colección de folletos Biblioteca del Ateneo de Madrid Biblioteca del Ateneo de Madrid Depósito folletos 17/01/2008     1611-F-7 1024197 23/02/2023 23/02/2023 Folleto